[Event "XVI Ugra Cup 2020"]
[Site "Khanty-Mansiysk"]
[Date "2020.12.06"]
[Round "7.6"]
[White "Tsydypov, Zhamsaran"]
[Black "Maltsevskaya, Aleksandra"]
[Result "1-0"]
[WhiteElo "2558"]
[BlackElo "2248"]
[Annotator "TA"]
[PlyCount "51"]
[EventDate "2020.11.30"]
[EventType "swiss"]
[EventCountry "RUS"]
[SourceTitle "playchess.com"]
[Source "ChessBase"]
[SourceQuality "1"]

{[%evp 21,51,4,28,6,14,12,51,51,50,37,81,62,97,16,82,77,68,64,215,201,193,169,398,409,596,590,583,572,551,544,29984,29985]} 1. d4 Nf6 2. Nf3 g6 3. c4 Bg7 4. Nc3 O-O 5. e4 d6 6. Be2 e5 7. O-O Nc6 8. d5 Ne7 9. b4 Nh5 10. g3 f5 11. Ng5 Nf6 12. Bf3 {E97: King's Indian: Classical Main Line (6...e5 7 0-0 Nc6): 8 Be3 and 8 d5 Ne7, not 9 Ne1.} c6 13. b5 h6 {Threatens to win with ...cxd5.} 14. Ne6 {White is slightly better.} Bxe6 15. dxe6 fxe4 16. Nxe4 {[#]} d5 $146 {[#]} ({Predecessor:} 16... Nxe4 17. Bxe4 d5 18. Bg2 Qd6 19. cxd5 Nxd5 20. e7 Rf7 21. bxc6 bxc6 22. Qa4 Nxe7 {½-½ (88) Stathopoulos,I (2338)-Kanakaris,G (2303) Porto Rio 2015}) 17. cxd5 (17. Nxf6+ $1 $16 Rxf6 18. cxd5 cxd5 19. Ba3) 17... cxd5 (17... Nxe4 $1 $11 {keeps the balance.} 18. Bxe4 cxd5) 18. Nxf6+ $16 Rxf6 19. Ba3 d4 $2 {Loses the game.} (19... e4 $14 20. Bxe4 Rxe6 21. Bxe7 Rxe7 22. Qxd5+ (22. Bxd5+ Kh7 $17) 22... Kf8) 20. Bxb7 Rb8 21. Be4 Rxb5 $2 (21... Bf8 22. Qb3 Qb6) 22. Qa4 $1 $18 {[%csl LRa7,LRb5]} Rb8 (22... Rb6 {might work better.} 23. Qd7 (23. Qxa7 Rbxe6 24. Rab1 Nc8 $18) 23... Qxd7 24. exd7 Rfd6 25. d8=Q+ Rxd8) 23. Rab1 Rxe6 24. Rxb8 Qxb8 25. Qd7 Kf7 {[#]} 26. Bd5 $1 {[%mdl 576] Pin. Accuracy: White = 81%, Black = 18%.} 1-0

[Event "XVI Ugra Cup 2020"]
[Site "Khanty-Mansiysk"]
[Date "2020.12.06"]
[Round "7.7"]
[White "Pingin, Artem"]
[Black "Savchenko, Boris"]
[Result "0-1"]
[WhiteElo "2244"]
[BlackElo "2551"]
[Annotator "TA"]
[PlyCount "120"]
[EventDate "2020.11.30"]
[EventType "swiss"]
[EventCountry "RUS"]
[SourceTitle "playchess.com"]
[Source "ChessBase"]
[SourceQuality "1"]

{[%evp 23,120,0,6,10,5,6,12,-20,19,21,38,38,48,20,21,15,15,0,0,-3,19,10,12,-28,287,-15,-22,-21,0,0,0,0,0,-77,-71,-94,-81,-93,-62,-59,-67,-65,-79,-61,-60,-60,0,-16,-12,-14,0,-33,0,-64,-66,-64,-66,-68,-35,-78,-76,-83,-91,-100,-90,-77,-76,-155,-149,-133,-139,-442,-439,-437,-437,-418,-426,-429,-428,-415,-423,-472,-480,-502,-500,-675,-658,-781,-763,-1624,-1513,-1682,-1655,-1687,-1439,-2058,-2488,-29975,-29976]} 1. e4 {King,D} Nf6 2. e5 Nd5 3. c4 Nb6 4. d4 d6 5. exd6 cxd6 6. Nc3 g6 7. Nf3 Bg7 8. Be2 O-O 9. O-O Bg4 10. b3 Nc6 11. Be3 d5 12. c5 Nc8 13. Ne1 {[#] B04: Alekhine's Defence: 4 Nf3.} Bf5 $146 ({Predecessor:} 13... Bxe2 14. Nxe2 b6 15. Rc1 e6 16. Qd2 bxc5 17. Rxc5 Qb6 18. Qc3 Nb4 19. Nd3 Na6 20. Rc6 Qb7 {½-½ (36) Huebner,R (2620)-Timman,J (2630) Sarajevo 1991 Candidates [King,D]}) 14. f4 b6 15. cxb6 {The position is equal.} Nxb6 16. Nf3 Bg4 17. Ne5 Bxe2 18. Nxe2 Qd6 19. Rc1 Rfc8 20. Qd2 e6 21. Bf2 Qb4 22. Qd3 Ne7 23. Rc5 f6 $2 {[%mdl 8192]} (23... Rxc5 $11 {and Black has nothing to worry.} 24. dxc5 Bxe5) 24. Be1 $2 ({White must play} 24. Qa6 $1 $18 {Hoping for Be1.} fxe5 25. Be1 Qxc5 26. dxc5 Rxc5 27. fxe5) 24... Qa3 $11 25. Ra5 Qb2 26. Bc3 Rxc3 $1 27. Nxc3 fxe5 28. fxe5 {[#]} (28. dxe5 $11 Rc8 29. Nd1) 28... Bh6 $1 $17 29. Rc5 Nf5 30. Ne2 Qd2 31. Qxd2 Bxd2 32. Rd1 Be3+ 33. Kh1 h5 34. g3 Kf7 (34... g5 $15) 35. Rc7+ Ke8 36. h3 Bg5 37. Rd3 Kd8 38. Rc6 ({White should play} 38. Rh7 $11) 38... Kd7 $1 $15 {[%cal Rd7c6]} 39. Rc5 $1 a6 $36 {[%mdl 2048] White is under pressure.} 40. Rdc3 Ra7 41. Rd3 {[#]} Nc8 $1 {White is on the road to losing.} 42. Kg2 Nce7 43. g4 hxg4 44. hxg4 Ne3+ 45. Kf3 ({Better is} 45. Kg3) 45... Ra8 $17 46. Kg3 Rh8 47. Rcc3 $2 {[%mdl 8192]} (47. Nf4 $17 Nf1+ 48. Kg2) 47... Bh4+ $19 48. Kf3 Rf8+ 49. Kxe3 {And now Kd2 would win.} Bg5+ 50. Nf4 Rxf4 51. Ke2 Rxg4 52. Rg3 Re4+ 53. Kf3 Bf4 54. Rg4 g5 55. Rg2 Nf5 56. Rg1 Nxd4+ 57. Kg2 Ne2 {[%mdl 64] Double Attack} 58. Rh3 Nxg1 59. Rh7+ Kc6 60. Kxg1 d4 {Weighted Error Value: White=0.70/Black=0.20} 0-1

[Event "XVI Ugra Cup 2020"]
[Site "Khanty-Mansiysk"]
[Date "2020.12.06"]
[Round "7.8"]
[White "Matinian, Nikita"]
[Black "Danilova, Rada"]
[Result "1-0"]
[WhiteElo "2470"]
[BlackElo "2037"]
[Annotator "TA"]
[PlyCount "65"]
[EventDate "2020.11.30"]
[EventType "swiss"]
[EventCountry "RUS"]
[SourceTitle "playchess.com"]
[Source "ChessBase"]
[SourceQuality "1"]

{[%evp 9,65,29,31,41,30,35,67,37,69,73,66,61,71,45,68,58,68,52,51,66,108,109,111,111,105,106,125,116,111,112,126,126,140,130,144,145,151,145,171,172,150,133,159,147,246,246,267,275,310,282,347,337,443,437,472,472,442,436]} 1. e4 c5 2. Nc3 Nc6 3. Bb5 g6 4. Bxc6 dxc6 5. f4 Bg7 6. Nf3 {B23: Closed Sicilian: Lines without g3.} Nf6 7. d3 Bg4 8. O-O {White is slightly better.} (8. h3 $5 {[%cal Rh3g4]} Bc8 9. O-O $14) 8... e5 9. h3 Bxf3 10. Qxf3 {[#]} O-O $146 ({Predecessor:} 10... Nd7 11. f5 Qe7 12. Be3 g5 13. a3 h5 14. b4 O-O-O 15. Bxc5 Qf6 16. Bf2 g4 {1-0 (35) Drabke,L (2484)-Vijayalakshmi,S (2336) Belp 2015}) 11. Be3 exf4 12. Bxc5 Nh5 $1 13. Ne2 Re8 14. Nxf4 Bd4+ {[#]} 15. Bxd4 $1 Qxd4+ 16. Kh1 Nxf4 17. Qxf4 Re7 18. Qf6 Qxf6 19. Rxf6 $16 {[%mdl 4096] Endgame KRR-KRR} h5 20. Raf1 Rd8 21. g3 c5 {[#]} 22. b3 $1 Rdd7 23. a4 b6 24. Kg2 Kg7 25. Rc6 Re5 26. Rff6 Re8 (26... c4 $16 {was worth a try.}) 27. Kf3 $18 Rh8 28. Rfd6 Re7 {[#]} 29. a5 $1 {[%mdl 512]} bxa5 30. Rxc5 a4 31. bxa4 {White is clearly winning.} Rb8 32. Rb5 Rc8 33. c4 {Weighted Error Value: White=0.06/Black=0.23} 1-0

[Event "XVI Ugra Cup 2020"]
[Site "Khanty-Mansiysk"]
[Date "2020.12.06"]
[Round "7.9"]
[White "Plyasunov, Daniil"]
[Black "Obgolts, Erik"]
[Result "0-1"]
[WhiteElo "1959"]
[BlackElo "2371"]
[Annotator "TA"]
[PlyCount "74"]
[EventDate "2020.11.30"]
[EventType "swiss"]
[EventCountry "RUS"]
[SourceTitle "playchess.com"]
[Source "ChessBase"]
[SourceQuality "1"]

{[%evp 16,74,53,14,21,10,10,12,17,1,34,25,27,16,33,-44,-27,-33,-22,-35,-18,5,0,-32,-20,-22,-19,-29,-8,-71,0,-36,-45,-160,-148,-401,-330,-727,-512,-527,-525,-495,-504,-503,-487,-577,-561,-549,-526,-802,-794,-779,-783,-736,-617,-1350,-1350,-1300,-1289,-933,-609]} 1. c4 Nf6 2. Nc3 g6 3. e4 d6 4. d4 Bg7 5. f3 O-O 6. Nge2 a6 7. Ng3 Nbd7 8. Be3 c5 9. Qd2 cxd4 {E81: King's Indian: Sämisch: 6th move deviations (including 6 Be3 c6).} 10. Bxd4 {[#]} h5 $146 ({Predecessor:} 10... Ne5 11. Be2 Be6 12. Nd5 b5 13. cxb5 axb5 14. Nxf6+ Bxf6 15. O-O Nc4 16. Bxc4 Bxd4+ 17. Qxd4 Bxc4 {½-½ (59) Latzke,B (2181)-Hirneise,J (2293) Stuttgart 2016}) 11. Be2 h4 {The position is equal.} 12. Nf1 Ne5 13. Rd1 Be6 14. Nd5 b5 15. c5 (15. Nfe3 $14) 15... Bxd5 16. exd5 Qc7 $36 {[%mdl 2048] Black has the initiative.} 17. f4 {aiming for cxd6.} Nc4 18. Bxc4 $1 bxc4 19. Ne3 Ne4 20. Qc2 Qa5+ 21. Ke2 Nxc5 22. f5 (22. Nxc4 $11 Qb5 23. Rhe1) 22... g5 (22... Qxa2 $17 {Threatens to win with ...Rab8.} 23. fxg6 Rab8 24. Bxg7 Kxg7 25. Nf5+ Kf6) 23. Bxg7 Kxg7 24. f6+ (24. Rhe1 $1 $15) 24... exf6 $17 {White must now prevent ...Rfe8.} 25. Rhf1 $2 {[%mdl 8192] Loses the game.} (25. Nf5+ $17 {was worth a try.} Kh8 26. Kf1) 25... Rae8 {...Re4 is the strong threat.} 26. Qf5 $2 (26. Qc3 Qxc3 27. bxc3) 26... Rxe3+ {[%mdl 64] [#] Clearance. Black is clearly winning.} 27. Kxe3 Re8+ 28. Kf2 Ne4+ 29. Kg1 Qb6+ 30. Kh1 Re5 31. Qf3 Qxb2 32. Rde1 {[#]} Nf2+ $1 {[%mdl 512]} 33. Kg1 (33. Rxf2 Rxe1+) 33... Rxe1 34. Rxe1 Nd3 35. Rf1 Qd4+ 36. Kh1 c3 37. Qe2 Qxd5 {Accuracy: White = 36%, Black = 86%.} 0-1

[Event "XVI Ugra Cup 2020"]
[Site "Khanty-Mansiysk"]
[Date "2020.12.07"]
[Round "8.1"]
[White "Pridorozhni, Aleksei"]
[Black "Sarana, Alexey"]
[Result "1/2-1/2"]
[WhiteElo "2590"]
[BlackElo "2636"]
[Annotator "TA"]
[PlyCount "119"]
[EventDate "2020.11.30"]
[EventType "swiss"]
[EventCountry "RUS"]
[SourceTitle "playchess.com"]
[Source "ChessBase"]
[SourceQuality "1"]

{[%evp 17,119,7,16,9,16,22,23,23,9,13,17,16,16,27,29,41,27,25,20,20,21,14,14,14,14,14,31,31,31,14,31,31,32,29,42,40,55,47,60,58,49,35,35,35,35,35,43,36,41,36,45,45,45,45,45,45,54,54,54,54,61,44,43,43,43,12,12,12,47,44,47,-4,0,-7,9,10,11,9,14,11,9,10,47,47,47,39,43,16,26,0,0,0,0,0,0,0,0,0,0,0,0,8,429,385]} 1. e4 c5 2. Nf3 d6 3. d4 cxd4 4. Nxd4 Nf6 5. Nc3 a6 6. g3 e5 7. Nde2 Be7 8. Bg2 O-O 9. O-O b5 10. Nd5 {B91: Sicilian Najdorf: 6 g3.} Nbd7 11. Nec3 Nb6 12. Nxb6 {White has an edge.} Qxb6 13. Bg5 Be6 14. Bxf6 Bxf6 15. Nd5 Bxd5 16. Qxd5 {[#]} Qc5 $146 ({Predecessor:} 16... Rac8 17. c3 h5 18. Qd2 Rc4 19. Rfd1 Be7 20. Bf1 Rxe4 21. Be2 h4 22. b3 d5 23. Bf3 Qg6 24. Bxe4 dxe4 25. Qd7 Qf6 26. Qg4 Bc5 27. Qe2 Qc6 28. Rac1 {½-½ (28) Boccia,M (2413)-Meiners,E (2383) ICCF email 2017}) 17. Qd2 b4 18. h4 Rac8 19. Rfc1 Qd4 20. Qxd4 exd4 21. Rab1 Rc5 22. Bf1 a5 23. f4 Rb8 24. b3 g6 25. Bd3 Bd8 26. Kg2 h5 27. Re1 Bb6 28. Re2 Kg7 29. Kf3 Re8 30. Rbe1 Re7 31. Rh1 Rc8 32. Rhh2 Kf6 33. Reg2 Rc5 34. Rh1 Re8 35. a3 bxa3 36. Ra1 Rc3 {White should prevent ...Bc5.} 37. Rxa3 Ra8 38. Ra1 Bc5 39. Re2 Bb4 40. Rf1 Rc5 41. g4 hxg4+ $1 42. Kxg4 Rh8 43. e5+ Kg7 44. Bc4 (44. exd6 $14 f5+ 45. Kh3) 44... Re8 45. Ref2 dxe5 46. fxe5 Rcxe5 47. Rxf7+ Kh6 48. Bd3 {next Bxg6! is good for White.} Be7 49. R1f4 Rd8 50. Kf3 Rd6 51. Be4 Ree6 52. h5 Bg5 53. Bxg6 {[%csl Gg6][%cal Rf7h7] [#]} (53. hxg6 $5 {[%cal Rf7h7]} Bxf4 54. g7 $14) 53... Bxf4 54. Kxf4 {[%csl Gg6][%cal Rf7h7]} Rf6+ 55. Rxf6 Rxf6+ $11 {KR-KB} 56. Ke5 Ra6 57. Kxd4 a4 58. bxa4 Rxa4+ 59. c4 Rxc4+ $2 {[%mdl 8192] [#]} (59... Kg5 $11) 60. Kxc4 {[%mdl 32768] Weighted Error Value: White=0.05/Black=0.21. An unexpected result.} 1/2-1/2

[Event "XVI Ugra Cup 2020"]
[Site "Khanty-Mansiysk"]
[Date "2020.12.07"]
[Round "8.2"]
[White "Bocharov, Dmitry"]
[Black "Tsydypov, Zhamsaran"]
[Result "1/2-1/2"]
[WhiteElo "2528"]
[BlackElo "2558"]
[Annotator "TA"]
[PlyCount "83"]
[EventDate "2020.11.30"]
[EventType "swiss"]
[EventCountry "RUS"]
[SourceTitle "playchess.com"]
[Source "ChessBase"]
[SourceQuality "1"]

{[%evp 22,83,50,64,79,72,164,121,129,35,62,29,41,12,12,11,6,12,11,13,0,0,0,0,0,0,0,4,8,0,0,0,7,0,0,-15,-15,-10,-13,-6,-7,-6,-5,-5,0,-11,0,0,0,0,0,0,0,0,0,0,0,0,0,0,0,0,0,0]} 1. d4 Nf6 2. c4 g6 3. Nf3 Bg7 4. g3 O-O 5. Bg2 d6 6. O-O Nbd7 {[%cal Bb8d7,Bd7e5,Be5c6,Bc6d4][%mdl 32]} 7. Nc3 e5 8. e4 a6 9. Qc2 exd4 10. Nxd4 Ne5 {Recently 10...Rb8 got a lot of attention.} 11. b3 c5 12. Nde2 Bd7 $5 {[%mdl 4] [#] A promising side line. E68: King's Indian: Fianchetto: 6...Nbd7 7 0-0 e5 8 e4.} 13. Rd1 $146 ({Predecessor:} 13. Bb2 b5 14. f4 Nc6 15. Rad1 Nd4 16. Nxd4 cxd4 17. Rxd4 Qb6 18. Qd2 b4 19. Ne2 Rae8 20. c5 Qxc5 {0-1 (32) Harsha,B (2463)-Dixit,N (2271) Kolkata 2018}) 13... b5 {[#]} (13... Qb8 $16) 14. f4 $1 $18 {[%cal Rf4e5]} (14. Rxd6 $6 Qe7 $16) 14... Nc6 {[#]White is better.} 15. e5 $1 {[%mdl 512]} Ne8 $1 $14 (15... dxe5 16. Bxc6) 16. Be3 {Threatens to win with Bxc5.} (16. exd6 b4 $15) ({Resist} 16. cxb5 axb5 17. Be3 (17. exd6 $2 b4 $17) (17. Nxb5 Nb4 $14) 17... Rc8 $16) 16... Rc8 17. Rac1 {Hoping for Ne4.} dxe5 {The position is equal.} 18. Qd2 Nd4 $1 19. fxe5 Bg4 20. cxb5 axb5 21. Bxd4 cxd4 22. Qxd4 Qg5 23. Ne4 Qe7 {White must now prevent ...Rxc1.} 24. Rxc8 Bxc8 25. Qc5 Qxc5+ 26. Nxc5 Nc7 27. Rd3 Bf5 28. Be4 (28. Re3 {with more complications.} Rd8 29. Nf4 b4 30. Re1 Rd2 31. Ne4) 28... Bxe4 29. Nxe4 Bxe5 30. Kf2 Ra8 31. Rd2 b4 32. Nc5 Ra5 33. Nd7 Bg7 34. Rc2 Ra7 35. Nb6 Ne6 36. Nd5 Bf8 37. Nef4 Nd4 38. Rd2 Nc6 39. Rc2 Nd4 40. Rd2 Nc6 41. Rc2 Nd4 42. Rd2 {Weighted Error Value: White=0.09/Black=0.04} 1/2-1/2

[Event "XVI Ugra Cup 2020"]
[Site "Khanty-Mansiysk"]
[Date "2020.12.07"]
[Round "8.3"]
[White "Zvjaginsev, Vadim"]
[Black "Iljiushenok, Ilia"]
[Result "1-0"]
[WhiteElo "2602"]
[BlackElo "2539"]
[Annotator "TA"]
[PlyCount "99"]
[EventDate "2020.11.30"]
[EventType "swiss"]
[EventCountry "RUS"]
[SourceTitle "playchess.com"]
[Source "ChessBase"]
[SourceQuality "1"]

{[%evp 9,99,9,27,4,27,24,33,14,14,17,21,26,27,21,25,24,28,25,30,25,37,14,14,16,12,-8,0,0,0,0,0,-17,0,-2,0,0,0,0,0,0,0,0,0,-4,0,0,0,0,0,0,0,0,0,-12,-7,-37,-37,-37,-37,-63,-55,-56,0,0,0,0,0,0,8,52,124,0,0,0,381,387,369,362,5089,5081,2875,2325,29984,29972,29970,29977,29991,29992,29996,29997,29997,156]} 1. Nf3 Nf6 2. g3 g6 3. Bg2 Bg7 4. O-O O-O 5. d4 Ne4 6. c3 {A49: 1 d4 Nf6 2 Nf3 g6 3 g3: Anti-King's Indian systems.} d6 7. Nbd2 Nxd2 8. Nxd2 {[#] White is slightly better.} (8. Bxd2 {is more complex.} Nd7 9. Re1 e5 10. e4 a5 11. Bg5) 8... Nd7 $146 ({Predecessor:} 8... e5 9. Nb3 exd4 10. cxd4 d5 11. Bf4 Re8 12. Qd2 c6 13. f3 Nd7 14. e4 Nb6 {1-0 (51) Pezerovic,E (2445)-Schueller,E (2240) Bayern 1998}) 9. Nc4 c6 10. e4 b5 11. Ne3 Bb7 12. a4 a6 13. b3 c5 14. Bb2 e6 15. Qd2 Qc7 16. Rfd1 Rfd8 17. c4 cxd4 18. Bxd4 Bxd4 19. Qxd4 Nc5 20. Qc3 (20. axb5 Nxb3 21. b6 Qe7 $17) 20... bxc4 (20... Nxe4 $6 21. Bxe4 Bxe4 22. Ng4 $14) 21. Qxc4 a5 22. b4 axb4 23. Qxb4 Bc6 {[%cal Rc6a4]} 24. a5 {[%cal Ba4a5,Ba5a6][%mdl 32]} Rdb8 25. Qc3 {[#] Threatens to win with e5!} e5 $1 26. h4 h5 27. Ra3 Rb5 28. Rda1 Qb8 29. a6 Rb1+ 30. Kh2 Rxa1 (30... Bxe4 31. a7 $16) 31. Qxa1 Ra7 32. f3 Bb5 {[%cal Ra7a6]} 33. Qb2 {Ra5 is the strong threat.} Rxa6 34. Rxa6 Nxa6 35. f4 $1 Qe8 (35... exf4 $15 36. gxf4 Nc7) 36. Nd5 $11 Kg7 37. f5 Bc6 38. fxg6 {Black must now prevent Qb6.} fxg6 39. Qb6 Qa8 {[#]} (39... Bxd5 $14 40. exd5 Nc5) 40. Ne7 ({White has to play} 40. Bf1 $1 $16) 40... Bxe4 41. Qxd6 Bxg2 $2 {[%mdl 8192]} (41... Nc5 $1 $11 {and Black has nothing to worry.} 42. Bxe4 (42. Qxc5 Bxg2 43. Qc7 Qa2 $11) (42. Qxe5+ Kf7 $11) 42... Qxe4 43. Qxc5 Qe2+ 44. Kg1 Qe1+ 45. Kh2 Qe2+ 46. Kh1 Qf1+ 47. Kh2 Qe2+) 42. Qxg6+ $18 {[%mdl 64] Double Attack} Kf8 43. Nf5 {Qg7+ would kill now.} Qb7 $2 (43... Qd8 44. Qg7+ (44. Qxh5 Qd2 $15) 44... Ke8 45. Qxe5+ Kf7 46. Nd6+ {[%mdl 64] Discovered Attack} Kf8 47. Kxg2 Nc7 48. Qf4+ Ke7) 44. Qh6+ Kg8 45. Qg5+ Kh7 46. Qxh5+ {White mates.} Kg8 47. Qg5+ Kh7 48. Ne7 Be4 49. Qg8+ Kh6 50. Qh8+ {[%mdl 64] Double Attack.  Weighted Error Value: White=0.08/Black=0.29} 1-0

[Event "XVI Ugra Cup 2020"]
[Site "Khanty-Mansiysk"]
[Date "2020.12.07"]
[Round "8.4"]
[White "Bocharov, Ivan"]
[Black "Matinian, Nikita"]
[Result "1-0"]
[WhiteElo "2559"]
[BlackElo "2470"]
[Annotator "TA"]
[PlyCount "231"]
[EventDate "2020.11.30"]
[EventType "swiss"]
[EventCountry "RUS"]
[SourceTitle "playchess.com"]
[Source "ChessBase"]
[SourceQuality "1"]

{[%evp 30,231,24,12,36,37,44,25,26,0,14,-4,16,0,0,0,0,-4,-7,-17,-9,-30,18,25,22,0,19,23,18,23,8,4,3,7,23,18,12,20,36,41,39,40,53,61,63,62,66,62,58,56,71,82,90,85,155,155,299,305,286,284,289,286,389,378,393,414,406,161,148,81,159,150,198,143,142,142,141,124,142,121,150,108,185,142,93,96,103,103,132,28,28,28,28,28,28,28,28,27,31,27,27,27,33,33,33,33,33,33,33,33,33,33,133,137,487,487,487,487,487,487,487,487,487,487,487,487,487,487,487,487,487,487,452,452,483,483,483,483,12298,11560,8707,9717,7131,6630,5364,479,474,469,469,469,469,469,29950,29948,29960,29963,29967,29955,29959,29951,29949,29957,29958,29958,29964,29965,29966,8243,5366,508,429,111,118,118,118,118,118,118,118,8,8,8,8,8,8,8,29971,29973,29972,29974,29973,29975,29975,29976,29976,29977,29977,29976,29976,29977,29976,29977,29991,29992]} 1. e4 e5 2. Nf3 Nc6 3. Bb5 a6 4. Ba4 Nf6 5. O-O Be7 6. Re1 b5 7. Bb3 d6 8. c3 O-O 9. h3 Nb8 10. d4 Nbd7 11. Nbd2 Bb7 12. Bc2 Re8 13. Nf1 Bf8 14. Ng3 g6 15. a4 Bg7 16. Bd3 c6 {C95: Closed Ruy Lopez: Breyer Variation with 10 d4.} 17. Bg5 Nf8 {17...Nf8 has lost popularity.} 18. Be3 N6d7 {White has an edge.} 19. b4 Ne6 20. Bf1 Qc7 21. Rc1 {[#]} bxa4 $146 ({Predecessor:} 21... Nb6 22. dxe5 dxe5 23. a5 Na4 24. Qb3 Qe7 25. Red1 Rad8 26. Ne1 h5 27. Be2 h4 {0-1 (39) Gwaze,R (2376)-Wells,P (2494) Scarborough 2004}) 22. Qxa4 a5 23. Red1 axb4 24. Qxb4 c5 25. Qb2 Nf6 26. d5 Nf4 27. Rb1 Reb8 28. Qb6 Qe7 29. Ra1 {Hoping for Rxa8.} Bc8 30. Qc6 Rxa1 31. Rxa1 Bf8 32. Nd2 h5 33. Ne2 Bh6 34. Ra8 Rxa8 35. Qxa8 Qb7 36. Qxb7 $1 Bxb7 37. Nc1 $1 h4 38. Ncb3 Bc8 39. Na5 Kf8 40. Kh2 g5 41. g3 Ng6 ({Black should try} 41... Bg7) 42. Bb5 $1 $16 Ke7 (42... hxg3+ $16 {is a better defense.} 43. fxg3 Bxh3) 43. Nc6+ $18 Kf8 44. Nc4 Nxe4 {[#]} 45. Nxd6 $1 {[%mdl 512]} Nxc3 (45... Nxd6 46. Bxc5) 46. Bc4 ({Less strong is} 46. Nxc8 Nxb5 47. gxh4 (47. Bxc5+ Ke8 $11) 47... f6 $16) 46... hxg3+ 47. fxg3 Bd7 48. Bxc5 $2 (48. Nb8 $1) 48... Kg8 49. Nd8 (49. Nb8 $142 $1 {[%cal Rb8d7]} Ba4 50. Nb7) 49... f6 ({Black should play} 49... f5) 50. Ne6 Bf8 51. Nxf8 (51. Nb7 $18) 51... Nxf8 $16 52. Bb4 Na4 53. Ne4 Nh7 54. g4 Kg7 55. Be7 Kg6 (55... f5 $16 {might work better.}) 56. d6 {And now Bg8 would win.} f5 57. gxf5+ Bxf5 58. Bb5 Nb6 59. Bc6 ({Better is} 59. Be8+ $16 Kg7 60. Nxg5) 59... Kf7 $11 60. Bd8 Nd7 $1 61. Nxg5+ {Cut Off at move 61} Nxg5 62. Bxg5 {[%mdl 4096] Endgame KBB-KBN} Ke6 63. Be7 e4 64. Bb5 Ne5 65. Ba6 {Black should prevent h4.} e3 66. Kg3 Bd3 67. Bc8+ Kf7 $1 {Threatens to win with ...e2.} 68. Bd8 e2 69. Kf2 Bb5 70. h4 Nf3 (70... Kg6 $1 $14) 71. Ba5 $16 Nxh4 $2 {[%mdl 8192]} (71... e1=Q+ $16 {is a better chance.} 72. Bxe1 Nxh4) 72. d7 $18 Bxd7 73. Bxd7 Kg6 74. Kxe2 Nf5 75. Kf3 Ng7 76. Bc3 Kf7 77. Bb5 Kg6 78. Kg4 Kf7 79. Kg5 {Threatening mate with Bc4+.} Ne6+ 80. Kh6 Nc7 81. Bc4+ Ne6 82. Be5 Ke7 83. Kg6 Kd7 (83... Nc5 $142 84. Bh2 Ne4) 84. Bb5+ Ke7 85. Kf5 Nc5 86. Bc6 Nd7 87. Bb2 (87. Bd4 $142 Kd6 88. Bf3) 87... Kd6 88. Bf3 Nb6 89. Ba3+ Kd7 90. Bc5 Na4 (90... Nc4 $18 91. Bb4 Nd6+ 92. Kf6 Ne8+ 93. Ke5 Nc7) 91. Bf8 Nb6 92. Ke5 Ke8 93. Bh6 Kd7 94. Bf4 Ke7 95. Bg5+ Kd7 96. Bh4 Kc7 97. Be1 Kd7 98. Bb4 (98. Kd4 $142 Ke8 99. Bh5+ Ke7 100. Bb4+ Kd7 101. Kc5 Nc8 102. Bg4+ Kc7 103. Ba5+ Kb8 104. Bf3) 98... Nc4+ 99. Kd4 (99. Kd5 $142 Ne3+ 100. Ke4) 99... Nd6 100. Kd5 $2 (100. Bg2 $18 {has better winning chances.} Ne8 101. Ke5) 100... Nb7 $16 101. Kc4 Kc7 102. Kb5 Nd6+ 103. Ka6 Kd7 104. Kb6 (104. Bd5 $16) 104... Ke6 $11 105. Kc6 Nf5 106. Bc3 {White wants to mate with Bg4!} Ne7+ 107. Kc5 {Black must now prevent Bg4+.} Kf7 $2 {[%mdl 8192]} (107... Kf5 $11 108. Bb7 Kg4) 108. Bh5+ $1 {White mates.} Ke6 {[#]} 109. Bg4+ $1 Kf7 {[#]} 110. Kd6 $1 Ng8 111. Bh5+ Kf8 112. Ke6 Nh6 113. Bb2 Ng8 114. Bd4 Nh6 115. Kf6 Kg8 116. Be3 {Weighted Error Value: White=0.19/Black=0.18} 1-0

[Event "XVI Ugra Cup 2020"]
[Site "Khanty-Mansiysk"]
[Date "2020.12.07"]
[Round "8.5"]
[White "Savchenko, Boris"]
[Black "Afanasiev, Nikita"]
[Result "1/2-1/2"]
[WhiteElo "2551"]
[BlackElo "2519"]
[Annotator "TA"]
[PlyCount "66"]
[EventDate "2020.11.30"]
[EventType "swiss"]
[EventCountry "RUS"]
[SourceTitle "playchess.com"]
[Source "ChessBase"]
[SourceQuality "1"]

{[%evp 11,66,9,23,0,0,0,11,0,9,-3,9,-6,-1,0,-5,-12,0,0,0,-14,-1,-22,-13,-15,-24,-23,-26,-25,-13,-6,2,2,2,2,2,3,2,0,0,0,0,0,0,0,0,0,0,0,0,0,0,0,0,0,0,0,0]} 1. e4 e5 2. Nf3 Nc6 3. Bc4 Bc5 4. c3 Nf6 5. d3 d6 6. Nbd2 O-O 7. h3 {C54: Giuoco Piano: 4 c3 Nf6, main lines with 5 d4 and 5 d3.} Ne7 8. O-O Ng6 9. d4 Bb6 10. Bb3 c6 {[#]} 11. dxe5 $146 ({Predecessor:} 11. Re1 Re8 12. Bc2 h6 13. Nf1 Nh5 14. Ne3 Nhf4 15. Nf5 Qf6 16. g3 Nxh3+ 17. Kg2 {0-1 (37) Kazhgaleyev,M (2589)-Carlsen,M (2837) Astana 2012}) 11... dxe5 12. Nc4 Qxd1 13. Bxd1 Nxe4 14. Bc2 Nf6 15. Re1 (15. Ncxe5 {feels hotter.} Nxe5 16. Nxe5 Be6 17. a4 Rad8 18. Bf4) 15... Re8 16. Bxg6 (16. Ncxe5 {with more complications.} Nxe5 17. Nxe5 Be6 18. a4 a5 19. Bf4) 16... hxg6 17. Nxb6 axb6 18. Rxe5 Rxe5 19. Nxe5 Be6 20. a3 {The position is equal.} Nd7 21. Nxd7 Bxd7 $11 {[%mdl 4096] Endgame KRB-KRB} 22. Be3 b5 23. Rd1 Be6 24. Bb6 f6 25. Rd8+ Rxd8 26. Bxd8 {KB-KB} Kf7 27. Bb6 g5 28. Bc5 Bc4 29. Bd6 Ke6 30. Bf8 Kf7 31. Bd6 Ke6 32. Bf8 Kf7 33. Bd6 Ke6 {A rather calm draw.  Weighted Error Value: White=0.04/Black=0.02} 1/2-1/2